Random American Shape to Country - Statistics

General Stats
  • This quiz has been taken 2,528 times
    2,354 since last reset
  • The average score is 6 of 8
Answer Stats
Picture Answer % Correct
Chile
99%
Canada
98%
United States
97%
Brazil
95%
Cuba
95%
Mexico
95%
Argentina
94%
Peru
89%
Panama
88%
Bahamas
85%
Haiti
80%
Nicaragua
80%
Venezuela
79%
Belize
76%
Colombia
76%
Trinidad and Tobago
75%
Guyana
74%
Jamaica
73%
Costa Rica
72%
Guatemala
71%
Paraguay
70%
Bolivia
68%
Antigua and Barbuda
64%
Uruguay
63%
Ecuador
62%
Saint Kitts and Nevis
62%
El Salvador
60%
Honduras
59%
Suriname
59%
Dominican Republic
56%
Saint Lucia
55%
St. Vincent and the Grenadines
55%
Grenada
51%
Barbados
50%
Dominica
46%
No matching quizzes found
Score Distribution
Percent of People with Each Score
Percentile by Number Answered
Your Score History
You have not taken this quiz since the last reset